Statistics for Tom Hanks movie characters

Click here to take the quiz!

General Stats

  • This quiz has been taken 439 times
  • The average score is 8 of 20

Answer Stats

Character NameMovie% Correct
WoodyToy Story
90%
Josh BaskinBig
67%
Chuck NolandCast Away
63%
Robert LangdonThe Da Vinci Code
59%
Andrew BeckettPhiladelphia
58%
Chesley SullenbergerSully
56%
Viktor NavorskiThe Terminal
54%
James LovellApollo 13
52%
John MillerSaving Private Ryan
47%
Carl HanrattyCatch Me If You Can
45%
Joe FoxYou've Got Mail
45%
Paul EdgecombThe Green Mile
34%
Jimmy DuganA League of Their Own
32%
Walt DisneySaving Mr. Banks
29%
Scott TurnerTurner & Hooch
29%
Fred RogersA Beautiful Day in the Neighborhood
25%
Alan BauerSplash
21%
Rick GasskoBachelor Party
15%
Pep StreebeckDragnet
11%
Lawrence Bourne IIIVolunteers
5%

Score Distribution

Percentile by Number Answered

Percent of People with Each Score

Your Score History

You have not taken this quiz